Zur p - adischen Uniformisierung von Kurven Dissertation

Na minha lista:
Detalhes bibliográficos
Autor principal: Ullrich, Hugo
Formato: Livro
Idioma:alemão
Publicado em: Bochum Ruhr-Universität 1981
Tags: Adicionar Tag
Sem tags, seja o primeiro a adicionar uma tag!

MARC

LEADER 00000nam a2200000 4500
001 c136609
005 20140320091237.4
041 0 |a ger 
044 |a DE 
245 1 0 |a Zur p - adischen Uniformisierung von Kurven  |b Dissertation  |c Hugo Ullrich 
264 1 |a Bochum  |b Ruhr-Universität  |c 1981 
300 |a 89 s. 
100 1 |a Ullrich, Hugo